[Event "CAN-op"]
[Site "Sackville CAN"]
[Date "2001.07.09"]
[Round "4"]
[White "Villeneuve, Luc"]
[Black "Arseneau, Peter"]
[Result "1-0"]
[WhiteElo "1631"]
[BlackElo "1851"]
[PlyCount "63"]
[GameId "2160767911564101"]
[EventDate "2001.07.07"]
[EventType "swiss"]
[EventRounds "10"]
[EventCountry "CAN"]
[SourceTitle "EXT 2006"]
[Source "ChessBase"]
[SourceDate "2005.11.24"]
[SourceVersion "1"]
[SourceVersionDate "2005.11.24"]
[SourceQuality "1"]

1. e4 e6 2. d4 d5 3. Nc3 Bb4 4. Nge2 dxe4 5. a3 Be7 6. Nxe4 Nf6 7. N2c3 Nc6 8. Be3 O-O 9. Qd2 b6 10. O-O-O Bb7 11. f3 Re8 12. Qf2 Nd5 13. Nxd5 exd5 14. Nc3 Bf6 15. h4 Ne7 16. g4 g6 17. Bd3 c5 18. Kb1 Nc6 19. Bb5 Rxe3 20. Bxc6 Bxc6 21. Qxe3 cxd4 22. Rxd4 Bxd4 23. Qxd4 Qe8 24. h5 Qf8 25. hxg6 fxg6 26. Nxd5 Bxd5 27. Qxd5+ Kg7 28. Qd7+ Kf6 29. f4 g5 30. fxg5+ Kxg5 31. Rh5+ Kg6 32. Qxh7+ 1-0

[Event "CAN-op"]
[Site "Sackville CAN"]
[Date "2001.07.09"]
[Round "4"]
[White "Wong, Wylon"]
[Black "Michaud, Gerald"]
[Result "0-1"]
[WhiteElo "1719"]
[BlackElo "2077"]
[PlyCount "72"]
[GameId "2160767911564102"]
[EventDate "2001.07.07"]
[EventType "swiss"]
[EventRounds "10"]
[EventCountry "CAN"]
[SourceTitle "EXT 2006"]
[Source "ChessBase"]
[SourceDate "2005.11.24"]
[SourceVersion "1"]
[SourceVersionDate "2005.11.24"]
[SourceQuality "1"]

1. d4 d5 2. e3 c5 3. g3 Nc6 4. Bg2 Nf6 5. Nf3 Bg4 6. O-O e5 7. h3 Bxf3 8. Qxf3 cxd4 9. exd4 Nxd4 10. Qd3 Nc6 11. Nc3 d4 12. Bxc6+ bxc6 13. Ne4 Nxe4 14. Qxe4 Qd5 15. Re1 Qxe4 16. Rxe4 Bd6 17. Bf4 f6 18. Rae1 Kd7 19. Bd2 Rab8 20. b3 c5 21. f4 f5 22. Rxe5 Bxe5 23. Rxe5 g6 24. Rxc5 Rbd8 25. Ba5 Rc8 26. Rd5+ Ke6 27. Rxd4 Rxc2 28. Rd2 Rxd2 29. Bxd2 Kd5 30. Kf2 Ke4 31. Ke2 Rc8 32. a4 Rc2 33. a5 a6 34. b4 h5 35. h4 Rb2 36. Kd1 Kd3 0-1

[Event "CAN-op"]
[Site "Sackville CAN"]
[Date "2001.07.09"]
[Round "4"]
[White "Yee, Lorne"]
[Black "Haley, Phil"]
[Result "1/2-1/2"]
[WhiteElo "2230"]
[BlackElo "1883"]
[PlyCount "70"]
[GameId "2160767911564103"]
[EventDate "2001.07.07"]
[EventType "swiss"]
[EventRounds "10"]
[EventCountry "CAN"]
[SourceTitle "EXT 2006"]
[Source "ChessBase"]
[SourceDate "2005.11.24"]
[SourceVersion "1"]
[SourceVersionDate "2005.11.24"]
[SourceQuality "1"]

1. d4 d6 2. c4 e5 3. Nf3 e4 4. Nfd2 f5 5. e3 Nf6 6. Nc3 c6 7. a3 d5 8. g3 Be7 9. b4 O-O 10. cxd5 cxd5 11. Bb2 Be6 12. Nb3 b6 13. Rc1 a6 14. Be2 Bf7 15. Rc2 Qe8 16. b5 a5 17. Na4 Nbd7 18. Rc6 Rb8 19. Kd2 Bh5 20. Bxh5 Qxh5 21. Qxh5 Nxh5 22. Rhc1 Nhf6 23. h3 g5 24. Re6 Bd8 25. Nc3 Kf7 26. Rc6 Be7 27. Nb1 h5 28. a4 Bb4+ 29. Ke2 Be7 30. Ba3 Bxa3 31. Nxa3 Ke7 32. R1c2 Ne8 33. Rc7 Kd8 34. R7c6 Rf6 35. Nd2 Rc8 1/2-1/2

[Event "CAN-op"]
[Site "Sackville CAN"]
[Date "2001.07.09"]
[Round "4.55"]
[White "Strojevs, Alexander"]
[Black "Legacy, Leo"]
[Result "1-0"]
[WhiteElo "1809"]
[BlackElo "1585"]
[PlyCount "67"]
[GameId "2160767911564104"]
[EventDate "2001.07.07"]
[EventType "swiss"]
[EventRounds "10"]
[EventCountry "CAN"]

1. d4 Nf6 2. c4 c5 3. d5 b5 4. cxb5 a6 5. bxa6 Bxa6 6. Nc3 g6 7. Nf3 Bg7 8. e4 Bxf1 9. Kxf1 d6 10. g3 Ng4 11. h3 Ne5 12. Nxe5 Bxe5 13. Kg2 O-O 14. Re1 Nd7 15. Qc2 Bg7 16. b3 e5 17. a4 f5 18. f3 f4 19. g4 Bf6 20. Rh1 Bh4 21. Ne2 Qb6 22. Rf1 h5 23. Bd2 Qd8 24. b4 cxb4 25. Bxb4 Nf6 26. Qd3 Nh7 27. a5 Rf7 28. Rac1 Ng5 29. Rc6 Kg7 30. Bxd6 hxg4 31. Bxe5+ Kh7 32. hxg4 Rxa5 33. Rfc1 Ra2 34. Rc8 1-0

[Event "CAN-op"]
[Site "Sackville CAN"]
[Date "2001.07.10"]
[Round "5"]
[White "Bluvshtein, Mark"]
[Black "Lipnowski, Irwin"]
[Result "1-0"]
[WhiteElo "2303"]
[BlackElo "2309"]
[PlyCount "117"]
[GameId "2160767911564105"]
[EventDate "2001.07.07"]
[EventType "swiss"]
[EventRounds "10"]
[EventCountry "CAN"]
[SourceTitle "EXT 2002"]
[Source "ChessBase"]
[SourceDate "2001.11.25"]
[SourceVersion "1"]
[SourceVersionDate "2001.11.25"]
[SourceQuality "1"]

1. d4 Nf6 2. c4 e6 3. Nf3 Bb4+ 4. Nbd2 O-O 5. a3 Bxd2+ 6. Bxd2 d6 7. Bg5 Nbd7 8. e3 Re8 9. Be2 Qe7 10. O-O b6 11. Rc1 Bb7 12. Qc2 c5 13. Rfd1 Nf8 14. dxc5 dxc5 15. Ne5 h6 16. Bh4 N8h7 17. Rd7 Nxd7 18. Bxe7 Rxe7 19. Nxd7 Rxd7 20. Rd1 Rad8 21. Rxd7 Rxd7 22. Bf3 Bxf3 23. gxf3 Nf6 24. b4 Rc7 25. Qd1 Rd7 26. Qa4 Rc7 27. bxc5 bxc5 28. e4 Kf8 29. Qa5 Ne8 30. e5 Ke7 31. Qb5 Kd8 32. Kg2 Ke7 33. h4 f5 34. exf6+ Nxf6 35. Kg3 Nh5+ 36. Kg4 Nf6+ 37. Kf4 Nd7 38. Ke3 Nf6 39. a4 Nd7 40. a5 Kd6 41. f4 Ke7 42. f3 Kd6 43. Qa6+ Ke7 44. f5 Nf8 45. Ke4 Rd7 46. Ke5 exf5 47. Qc6 Kf7 48. Qxc5 Ng6+ 49. Kxf5 Nxh4+ 50. Kg4 Ng2 51. Qf2 Rc7 52. Qxg2 Rxc4+ 53. Kg3 Rc7 54. Qe2 Re7 55. Qa6 Rc7 56. Qd6 Re7 57. Kg4 g6 58. f4 Re1 59. Qd5+ 1-0

[Event "CAN-op"]
[Site "Sackville CAN"]
[Date "2001.07.10"]
[Round "5"]
[White "Candow, John"]
[Black "Yee, Lorne"]
[Result "0-1"]
[WhiteElo "1658"]
[BlackElo "2230"]
[PlyCount "68"]
[GameId "2160767911564106"]
[EventDate "2001.07.07"]
[EventType "swiss"]
[EventRounds "10"]
[EventCountry "CAN"]
[SourceTitle "EXT 2006"]
[Source "ChessBase"]
[SourceDate "2005.11.24"]
[SourceVersion "1"]
[SourceVersionDate "2005.11.24"]
[SourceQuality "1"]

1. d4 d5 2. c4 e6 3. Nc3 Nf6 4. Nf3 Nbd7 5. Bf4 c6 6. e3 Be7 7. cxd5 exd5 8. Bd3 Nh5 9. Ne5 Nxf4 10. exf4 g6 11. O-O f5 12. Re1 Nxe5 13. dxe5 Be6 14. Qb3 Qb6 15. Qc2 Qd4 16. Ne2 Qc5 17. Qb3 Qb6 18. Qc2 a5 19. g4 Rf8 20. g5 Kf7 21. Rac1 Rac8 22. Kg2 c5 23. Ng3 c4 24. Be2 Qd4 25. Kf3 Qc5 26. Kg2 d4 27. Qd2 Rfd8 28. a3 c3 29. Qd1 b5 30. h4 b4 31. h5 d3 32. hxg6+ hxg6 33. Bh5 Qd5+ 34. Kh3 Rh8 0-1

[Event "CAN-op"]
[Site "Sackville CAN"]
[Date "2001.07.10"]
[Round "5"]
[White "Chiasson, Marc"]
[Black "Angers, Gilles"]
[Result "0-1"]
[WhiteElo "1250"]
[BlackElo "2041"]
[PlyCount "92"]
[GameId "2160767911564107"]
[EventDate "2001.07.07"]
[EventType "swiss"]
[EventRounds "10"]
[EventCountry "CAN"]
[SourceTitle "EXT 2006"]
[Source "ChessBase"]
[SourceDate "2005.11.24"]
[SourceVersion "1"]
[SourceVersionDate "2005.11.24"]
[SourceQuality "1"]

1. e4 e6 2. d4 d5 3. Nc3 Nf6 4. e5 Nfd7 5. Nf3 c5 6. Be2 Nc6 7. Bf4 cxd4 8. Nxd4 Ndxe5 9. O-O a6 10. a3 Bd6 11. Qd2 O-O 12. Rfe1 Nxd4 13. Qxd4 Nc6 14. Qd2 Bxf4 15. Qxf4 e5 16. Qg3 f5 17. Rad1 f4 18. Qf3 e4 19. Qh5 f3 20. Rxd5 Qb6 21. Bf1 fxg2 22. Nxe4 gxf1=Q+ 23. Rxf1 h6 24. Rd2 Bf5 25. Nd6 Be6 26. Kh1 Rad8 27. f3 Qe3 28. Rd3 Qe5 29. Qh4 Rxd6 30. Re1 Qf5 31. Ree3 Rxd3 32. Rxd3 Ne5 33. Re3 Bd5 34. c4 Bxf3+ 35. Kg1 Qb1+ 36. Re1 Qg6+ 37. Kf2 Nd3+ 38. Ke3 Nxe1 39. Kf2 Qg2+ 40. Ke3 Qe2+ 41. Kd4 Nc2+ 42. Kc5 Qe3+ 43. Kd6 Rf6+ 44. Kc7 Qb6+ 45. Kb8 Rf8+ 46. Qd8 Rxd8# 0-1

[Event "CAN-op"]
[Site "Sackville CAN"]
[Date "2001.07.10"]
[Round "5"]
[White "Chow, Vincent"]
[Black "Ramaswamy, Kiran"]
[Result "1-0"]
[WhiteElo "2084"]
[BlackElo "1879"]
[PlyCount "137"]
[GameId "2160767911564108"]
[EventDate "2001.07.07"]
[EventType "swiss"]
[EventRounds "10"]
[EventCountry "CAN"]
[SourceTitle "EXT 2006"]
[Source "ChessBase"]
[SourceDate "2005.11.24"]
[SourceVersion "1"]
[SourceVersionDate "2005.11.24"]
[SourceQuality "1"]

1. d4 d6 2. c4 e5 3. dxe5 dxe5 4. Qxd8+ Kxd8 5. Nf3 f6 6. Nc3 c6 7. Be3 Be6 8. O-O-O+ Kc7 9. Nd2 Ne7 10. f3 Nd7 11. Bf2 Ng6 12. e4 Be7 13. Na4 a6 14. c5 Rad8 15. g3 h5 16. Bc4 Bxc4 17. Nxc4 h4 18. b4 Rh7 19. Nab6 Ndf8 20. Rxd8 Bxd8 21. Rd1 Be7 22. Nd6 hxg3 23. Ne8+ Kb8 24. hxg3 Rh2 25. Rd2 Ne6 26. Nd7+ Kc8 27. Nb6+ Kb8 28. Nd6 Ngf8 29. Nf5 Ng6 30. Kd1 Rh8 31. Rd7 Rd8 32. Nxe7 Nxe7 33. Rxd8+ Nxd8 34. Kd2 Ne6 35. Be3 g5 36. Kd3 Kc7 37. Nc4 Nc8 38. Bf2 Kd7 39. Be3 Ke7 40. Na5 Nd8 41. f4 exf4 42. gxf4 g4 43. Bf2 Na7 44. Bh4 Ke6 45. f5+ Ke7 46. e5 Nf7 47. Bxf6+ Ke8 48. Ke4 g3 49. Kf3 Nh6 50. Kxg3 Nxf5+ 51. Kf4 Nd4 52. Nxb7 Nab5 53. Nd6+ Kd7 54. Nxb5 axb5 55. Ke4 Nc2 56. Kf5 Nxb4 57. e6+ Ke8 58. Ke5 Nxa2 59. Kd6 Nb4 60. Bg5 Nd3 61. Kxc6 b4 62. Kd6 b3 63. c6 Nf2 64. c7 Ne4+ 65. Ke5 Nxg5 66. c8=Q+ Ke7 67. Qb7+ Kf8 68. Kf6 Ne4+ 69. Qxe4 1-0

[Event "CAN-op"]
[Site "Sackville CAN"]
[Date "2001.07.10"]
[Round "5"]
[White "Demmery, Steve"]
[Black "Davies, Lucas"]
[Result "1/2-1/2"]
[WhiteElo "2125"]
[BlackElo "1924"]
[PlyCount "85"]
[GameId "2160767911564111"]
[EventDate "2001.07.07"]
[EventType "swiss"]
[EventRounds "10"]
[EventCountry "CAN"]
[SourceTitle "EXT 2006"]
[Source "ChessBase"]
[SourceDate "2005.11.24"]
[SourceVersion "1"]
[SourceVersionDate "2005.11.24"]
[SourceQuality "1"]

1. d4 Nf6 2. Nf3 e6 3. g3 b6 4. Bg2 Bb7 5. O-O Be7 6. c4 d6 7. Nc3 Nbd7 8. Qc2 c5 9. e3 O-O 10. b3 a6 11. Bb2 Qc7 12. Rad1 Rfd8 13. e4 e5 14. d5 Bf8 15. Ng5 g6 16. Ne2 Bg7 17. h3 h6 18. Nf3 Rf8 19. Nh4 Rae8 20. Bc1 Qd8 21. Kh2 Kh7 22. Ng1 Ng8 23. Rfe1 Kh8 24. Bf1 Bc8 25. Bd3 Bb7 26. Bd2 Bc8 27. a3 Bf6 28. Ng2 g5 29. Be2 Qe7 30. Ne3 Nb8 31. Rb1 Qc7 32. Kg2 Ne7 33. Qd1 Bg7 34. g4 Ng6 35. Nf5 Nf4+ 36. Bxf4 exf4 37. Nf3 Nd7 38. Qc2 Ne5 39. Bd3 Nxf3 40. Kxf3 Bxf5 41. gxf5 Bd4 42. Rh1 Kg7 43. Rhg1 1/2-1/2

[Event "CAN-op"]
[Site "Sackville CAN"]
[Date "2001.07.10"]
[Round "5"]
[White "Drummond, Carlos"]
[Black "Smith, Maurice"]
[Result "1/2-1/2"]
[WhiteElo "1829"]
[BlackElo "1678"]
[PlyCount "77"]
[GameId "2160767911564112"]
[EventDate "2001.07.07"]
[EventType "swiss"]
[EventRounds "10"]
[EventCountry "CAN"]

1. Nf3 c5 2. e3 d5 3. d4 Nf6 4. c4 cxd4 5. exd4 Nc6 6. Be2 e6 7. O-O Bd6 8. Bg5 O-O 9. cxd5 exd5 10. Nc3 Be7 11. h3 Re8 12. Re1 Be6 13. Bd3 h6 14. Bf4 a6 15. Qd2 Bf8 16. Rad1 Rc8 17. Bb1 b5 18. Ne5 Na5 19. Ne2 Nc4 20. Nxc4 Rxc4 21. a3 Qd7 22. Be5 Be7 23. Ng3 Rcc8 24. Qd3 g6 25. f4 Ne4 26. Nxe4 dxe4 27. Qxe4 Bf5 28. Qf3 Bxb1 29. Rxb1 f6 30. f5 fxe5 31. fxg6 Qxd4+ 32. Kh1 Rf8 33. Qb7 Qd6 34. Rbd1 Qf6 35. Rd7 Rce8 36. Qd5+ Kg7 37. Rxe5 Qf1+ 38. Kh2 Qf4+ 39. Kh1 1/2-1/2

[Event "CAN-op"]
[Site "Sackville CAN"]
[Date "2001.07.10"]
[Round "5"]
[White "Fairbairn, Stephen"]
[Black "Thiede, Gunther"]
[Result "1-0"]
[WhiteElo "2028"]
[BlackElo "1700"]
[PlyCount "59"]
[GameId "2160767911564113"]
[EventDate "2001.07.07"]
[EventType "swiss"]
[EventRounds "10"]
[EventCountry "CAN"]
[SourceTitle "EXT 2006"]
[Source "ChessBase"]
[SourceDate "2005.11.24"]
[SourceVersion "1"]
[SourceVersionDate "2005.11.24"]
[SourceQuality "1"]

1. e4 c5 2. Nf3 Nc6 3. d4 cxd4 4. Nxd4 e5 5. Nb5 a6 6. Nd6+ Bxd6 7. Qxd6 Qe7 8. Qd1 Nf6 9. Nc3 d6 10. Be2 Be6 11. O-O O-O 12. Be3 Qc7 13. f4 exf4 14. Rxf4 Ne5 15. Qe1 Qe7 16. Qg3 Ng6 17. Rf2 h6 18. Raf1 Kh7 19. Bd4 Ne8 20. Bh5 Nh8 21. h4 Rc8 22. Nd5 Bxd5 23. exd5 Qe4 24. c3 Qxd5 25. Bf3 Qe6 26. Bg4 f5 27. Rxf5 Nf6 28. Rxf6 Qe7 29. Bxc8 Rxc8 30. Rf7 1-0

[Event "CAN-op"]
[Site "Sackville CAN"]
[Date "2001.07.10"]
[Round "5"]
[White "Godin, Robert"]
[Black "Spencer, David"]
[Result "0-1"]
[WhiteElo "1343"]
[BlackElo "1546"]
[PlyCount "58"]
[GameId "2160767911564114"]
[EventDate "2001.07.07"]
[EventType "swiss"]
[EventRounds "10"]
[EventCountry "CAN"]
[SourceTitle "EXT 2006"]
[Source "ChessBase"]
[SourceDate "2005.11.24"]
[SourceVersion "1"]
[SourceVersionDate "2005.11.24"]
[SourceQuality "1"]

1. e4 e5 2. Nf3 Nf6 3. Nxe5 d6 4. Nf3 Nxe4 5. Qe2 Qe7 6. d3 Nf6 7. Bg5 Qxe2+ 8. Bxe2 Be7 9. O-O O-O 10. Nc3 Nc6 11. Nb5 Ne8 12. Be3 a6 13. Nc3 Nf6 14. a3 Be6 15. Rad1 Rfe8 16. d4 d5 17. Na4 Bf5 18. Rc1 Bd6 19. Rfe1 Re7 20. Nc5 Bxc5 21. dxc5 Rae8 22. Nh4 Bg4 23. Bxg4 Nxg4 24. Rcd1 Nxe3 25. Rxe3 Rxe3 26. fxe3 g5 27. Nf5 Re5 28. Rxd5 Rxd5 29. e4 Rd2 0-1

[Event "CAN-op"]
[Site "Sackville CAN"]
[Date "2001.07.10"]
[Round "5"]
[White "Goldenberg, Danny"]
[Black "Stevens, Christian"]
[Result "1/2-1/2"]
[WhiteElo "2322"]
[BlackElo "2048"]
[PlyCount "40"]
[GameId "2160767911564115"]
[EventDate "2001.07.07"]
[EventType "swiss"]
[EventRounds "10"]
[EventCountry "CAN"]

1. e4 e5 2. Nf3 Nc6 3. Bc4 Bc5 4. O-O d6 5. c3 Qf6 6. d3 h6 7. Be3 Nge7 8. b4 Bb6 9. Kh1 Be6 10. Nbd2 O-O 11. a4 d5 12. exd5 Nxd5 13. Ne4 Qe7 14. Bc5 Bxc5 15. Nxc5 Nxc3 16. Qb3 Ne2 17. Bxe6 Ned4 18. Nxd4 Nxd4 19. Qd5 Nxe6 20. Qxe5 b6 1/2-1/2

[Event "CAN-op"]
[Site "Sackville CAN"]
[Date "2001.07.10"]
[Round "5"]
[White "Golts, Roman"]
[Black "Nathani, Kaleim"]
[Result "1/2-1/2"]
[WhiteElo "2292"]
[BlackElo "1867"]
[PlyCount "36"]
[GameId "2160767911564116"]
[EventDate "2001.07.07"]
[EventType "swiss"]
[EventRounds "10"]
[EventCountry "CAN"]
[SourceTitle "EXT 2006"]
[Source "ChessBase"]
[SourceDate "2005.11.24"]
[SourceVersion "1"]
[SourceVersionDate "2005.11.24"]
[SourceQuality "1"]

1. e4 d5 2. exd5 Nf6 3. d4 Bg4 4. Be2 Bxe2 5. Nxe2 Qxd5 6. O-O Nc6 7. b3 O-O-O 8. c4 Qf5 9. Bb2 e5 10. d5 Nb4 11. a3 Nd3 12. Qc2 Qg6 13. Nbc3 e4 14. h3 Bc5 15. Nd1 Nh5 16. Qd2 f5 17. b4 Be7 18. f4 Nxb2 1/2-1/2

[Event "CAN-op"]
[Site "Sackville CAN"]
[Date "2001.07.10"]
[Round "5"]
[White "Gregorz, Ralph"]
[Black "MacFie, Bob"]
[Result "1-0"]
[WhiteElo "2050"]
[BlackElo "1657"]
[PlyCount "75"]
[GameId "2160767911564117"]
[EventDate "2001.07.07"]
[EventType "swiss"]
[EventRounds "10"]
[EventCountry "CAN"]
[SourceTitle "EXT 2006"]
[Source "ChessBase"]
[SourceDate "2005.11.24"]
[SourceVersion "1"]
[SourceVersionDate "2005.11.24"]
[SourceQuality "1"]

1. c4 f5 2. d4 Nf6 3. g3 g6 4. Bg2 Bg7 5. Nc3 O-O 6. Nh3 c6 7. O-O d6 8. d5 Qe8 9. Nf4 Na6 10. Qc2 Bd7 11. Rd1 Qf7 12. Rb1 Nc5 13. b3 Nce4 14. Bb2 Bh6 15. e3 g5 16. Nh3 Qg6 17. f4 Nxc3 18. Bxc3 Ng4 19. Qe2 gxf4 20. Nxf4 Bxf4 21. exf4 Rae8 22. Qd3 Nh6 23. Bf3 Nf7 24. Qe2 h6 25. Bh5 Qh7 26. Qf2 Ra8 27. Re1 Nd8 28. Qd4 Be8 29. Rxe7 c5 30. Qe3 Bxh5 31. Rxh7 Kxh7 32. Qe7+ Nf7 33. Qf6 Rg8 34. Re1 Raf8 35. Re7 Rg4 36. Qxf5+ Kg8 37. Qxh5 Rg6 38. Qxg6# 1-0

[Event "CAN-op"]
[Site "Sackville CAN"]
[Date "2001.07.10"]
[Round "5"]
[White "Haley, Phil"]
[Black "Tremblay, Brent"]
[Result "1/2-1/2"]
[WhiteElo "1883"]
[BlackElo "1634"]
[PlyCount "56"]
[GameId "2160767911564118"]
[EventDate "2001.07.07"]
[EventType "swiss"]
[EventRounds "10"]
[EventCountry "CAN"]
[SourceTitle "EXT 2006"]
[Source "ChessBase"]
[SourceDate "2005.11.24"]
[SourceVersion "1"]
[SourceVersionDate "2005.11.24"]
[SourceQuality "1"]

1. d4 d5 2. Nf3 c6 3. Bf4 Nf6 4. h3 Bf5 5. e3 e6 6. c3 Qb6 7. Qb3 Be7 8. Be2 O-O 9. O-O Ne4 10. Nbd2 Nd7 11. Nxe4 Bxe4 12. Nd2 Bg6 13. c4 dxc4 14. Bxc4 Qxb3 15. Bxb3 Nb6 16. a3 Nd5 17. Bg3 Bg5 18. Nf3 Bf6 19. Ne5 Rfd8 20. Nxg6 hxg6 21. Rac1 Be7 22. Rfd1 Bg5 23. Re1 Re8 24. Kf1 Nf6 25. Be5 Nd5 26. Rcd1 Bd8 27. Ke2 Bb6 28. Rh1 Nf6 1/2-1/2

[Event "CAN-op"]
[Site "Sackville CAN"]
[Date "2001.07.10"]
[Round "5"]
[White "Hendon, Lee"]
[Black "Ward, Kevin"]
[Result "0-1"]
[WhiteElo "1516"]
[BlackElo "1714"]
[PlyCount "62"]
[GameId "2160767911564119"]
[EventDate "2001.07.07"]
[EventType "swiss"]
[EventRounds "10"]
[EventCountry "CAN"]
[SourceTitle "EXT 2006"]
[Source "ChessBase"]
[SourceDate "2005.11.24"]
[SourceVersion "1"]
[SourceVersionDate "2005.11.24"]
[SourceQuality "1"]

1. e4 d5 2. e5 c5 3. c3 Nc6 4. Nf3 Bg4 5. Bb5 Qc7 6. Bxc6+ Qxc6 7. d3 f6 8. exf6 Nxf6 9. O-O e6 10. Nbd2 Bd6 11. h3 Bh5 12. Re1 O-O 13. Qb3 Bxf3 14. Nxf3 Rae8 15. Ne5 Qc7 16. Nf3 a6 17. Bd2 b5 18. Rac1 c4 19. Qc2 cxd3 20. Qxd3 Ne4 21. Be3 Bf4 22. Bxf4 Qxf4 23. Re3 Rf6 24. a4 Ref8 25. axb5 axb5 26. Qxb5 Rg6 27. Qe2 Ng5 28. Nxg5 Qxg5 29. Qf1 Rgf6 30. Rc2 Qxe3 31. fxe3 Rxf1+ 0-1

[Event "CAN-op"]
[Site "Sackville CAN"]
[Date "2001.07.10"]
[Round "5"]
[White "Joseph, Steve"]
[Black "Livingstone, James"]
[Result "0-1"]
[WhiteElo "1913"]
[BlackElo "1609"]
[PlyCount "48"]
[GameId "2160767911564120"]
[EventDate "2001.07.07"]
[EventType "swiss"]
[EventRounds "10"]
[EventCountry "CAN"]

1. e4 c6 2. c4 d5 3. cxd5 cxd5 4. exd5 Nf6 5. Nc3 Nxd5 6. Bc4 Nxc3 7. dxc3 Qxd1+ 8. Kxd1 g6 9. Nf3 Bg7 10. Bf4 O-O 11. Re1 Nc6 12. Kc2 Bf5+ 13. Bd3 Bxd3+ 14. Kxd3 Rfd8+ 15. Kc2 Rac8 16. Rad1 Nb4+ 17. Kb3 Nd3 18. Rxd3 Rxd3 19. Rxe7 Bxc3 20. bxc3 Rdxc3+ 21. Kb2 Rc2+ 22. Kb1 Rxf2 23. Be5 Rd8 24. Nd4 f6 0-1

[Event "CAN-op"]
[Site "Sackville CAN"]
[Date "2001.07.10"]
[Round "5"]
[White "Lipnowski, Samuel"]
[Black "Kleist, Frederick"]
[Result "1/2-1/2"]
[WhiteElo "2080"]
[BlackElo "2170"]
[PlyCount "98"]
[GameId "2160767911564123"]
[EventDate "2001.07.07"]
[EventType "swiss"]
[EventRounds "10"]
[EventCountry "CAN"]
[SourceTitle "EXT 2006"]
[Source "ChessBase"]
[SourceDate "2005.11.24"]
[SourceVersion "1"]
[SourceVersionDate "2005.11.24"]
[SourceQuality "1"]

1. e4 c5 2. Nf3 Nc6 3. Bb5 g6 4. O-O Bg7 5. Bxc6 dxc6 6. d3 e5 7. a4 Qe7 8. a5 Nf6 9. h3 Nd7 10. Bg5 f6 11. Be3 Nf8 12. Nbd2 Be6 13. b3 Bf7 14. Nc4 Ne6 15. Nh2 O-O 16. Ng4 Rfd8 17. Nh6+ Kh8 18. Nxf7+ Qxf7 19. Qg4 Nd4 20. Ra2 f5 21. Qh4 f4 22. Bxd4 cxd4 23. Qg4 Qd7 24. Qxd7 Rxd7 25. b4 Re8 26. Rb1 a6 27. Kf1 Kg8 28. Ke2 Bf6 29. Kf3 Kf8 30. Raa1 Ke7 31. Rh1 Kd8 32. h4 h6 33. h5 g5 34. Kg4 Rf8 35. Rab1 Bg7 36. Nd2 Rff7 37. Rb3 Bf8 38. Nc4 Bg7 39. Nd2 Ke7 40. Nf3 Ke6 41. Rc1 Bf8 42. Nd2 Rd8 43. f3 Kf6 44. Nc4 Ke6 45. Rcb1 Rg7 46. Nb6 Bd6 47. Na4 Kf6 48. Nc5 Bf8 49. R1b2 Rf7 1/2-1/2

[Event "CAN-op"]
[Site "Sackville CAN"]
[Date "2001.07.10"]
[Round "5"]
[White "Martin, Steve"]
[Black "Bowerman, Robert"]
[Result "0-1"]
[WhiteElo "1603"]
[BlackElo "2072"]
[PlyCount "50"]
[GameId "2160767911564124"]
[EventDate "2001.07.07"]
[EventType "swiss"]
[EventRounds "10"]
[EventCountry "CAN"]
[SourceTitle "EXT 2006"]
[Source "ChessBase"]
[SourceDate "2005.11.24"]
[SourceVersion "1"]
[SourceVersionDate "2005.11.24"]
[SourceQuality "1"]

1. d4 Nf6 2. c4 g6 3. Nc3 Bg7 4. e4 d6 5. Be2 O-O 6. Be3 e5 7. d5 Nbd7 8. g4 Nc5 9. Bxc5 dxc5 10. h4 Ne8 11. Qd3 Nd6 12. O-O-O f5 13. gxf5 gxf5 14. f3 a6 15. h5 b5 16. cxb5 axb5 17. Qc2 b4 18. Na4 fxe4 19. fxe4 Nxe4 20. Bd3 Nf2 21. Bxh7+ Kh8 22. Ne2 Nxh1 23. Rxh1 Qg5+ 24. Kb1 Rxa4 25. Rg1 Qxg1+ 0-1

[Event "CAN-op"]
[Site "Sackville CAN"]
[Date "2001.07.10"]
[Round "5"]
[White "Mayo, Alvah"]
[Black "Brun, Jacques L"]
[Result "1-0"]
[WhiteElo "2204"]
[BlackElo "1767"]
[PlyCount "74"]
[GameId "2160767911564125"]
[EventDate "2001.07.07"]
[EventType "swiss"]
[EventRounds "10"]
[EventCountry "CAN"]
[SourceTitle "EXT 2006"]
[Source "ChessBase"]
[SourceDate "2005.11.24"]
[SourceVersion "1"]
[SourceVersionDate "2005.11.24"]
[SourceQuality "1"]

1. e4 c5 2. Nc3 Nc6 3. f4 d6 4. Nf3 g6 5. Bc4 Bg7 6. O-O Nf6 7. d3 O-O 8. Qe1 Na5 9. f5 Nxc4 10. dxc4 gxf5 11. Qh4 Nxe4 12. Bh6 e6 13. Ng5 Nxg5 14. Bxg5 f6 15. Be3 Rf7 16. Rf3 Kh8 17. Rd1 Qe7 18. Nb5 d5 19. cxd5 exd5 20. Rxd5 Bd7 21. Rh3 Bf8 22. Bxc5 Qxc5+ 23. Rxc5 Bxc5+ 24. Nd4 f4 25. Rd3 Bf5 26. Rd2 f3 27. gxf3 Rg7+ 28. Kf1 Rag8 29. Qxf6 Bh3+ 30. Ke2 Rf8 31. Qe5 Bxd4 32. Rxd4 Kg8 33. Rh4 Bd7 34. Kf2 Bc6 35. f4 Rg2+ 36. Kf1 Re8 37. Qxe8+ Bxe8 1-0

[Event "CAN-op"]
[Site "Sackville CAN"]
[Date "2001.07.10"]
[Round "5"]
[White "Michaud, Gerald"]
[Black "Fischdick, Gisela"]
[Result "1/2-1/2"]
[WhiteElo "2077"]
[BlackElo "2251"]
[PlyCount "75"]
[GameId "2160767911564127"]
[EventDate "2001.07.07"]
[EventType "swiss"]
[EventRounds "10"]
[EventCountry "CAN"]
[SourceTitle "EXT 2006"]
[Source "ChessBase"]
[SourceDate "2005.11.24"]
[SourceVersion "1"]
[SourceVersionDate "2005.11.24"]
[SourceQuality "1"]

1. d4 d5 2. Nf3 Nf6 3. e3 c6 4. b3 Bg4 5. Bd3 e6 6. O-O Nbd7 7. Nbd2 Bd6 8. Bb2 O-O 9. h3 Bh5 10. Qc1 Qb8 11. Re1 e5 12. dxe5 Nxe5 13. Nxe5 Bxe5 14. f4 Bxb2 15. Qxb2 Nd7 16. Nf1 f6 17. Qd4 Bf7 18. b4 Qc7 19. c4 dxc4 20. Bxc4 Nb6 21. Bxf7+ Qxf7 22. Red1 Rfe8 23. e4 Qc7 24. Qe3 Qe7 25. Qb3+ Qf7 26. Qxf7+ Kxf7 27. Rd4 Re7 28. Kf2 g6 29. Ne3 a5 30. a4 axb4 31. Rxb4 Nc8 32. Kf3 b5 33. Nc2 Rea7 34. axb5 Rxa1 35. Nxa1 Rxa1 36. b6 Ra3+ 37. Kf2 Ra2+ 38. Kf3 1/2-1/2